| Tag |
First Indicator |
Second Indicator |
Subfields |
| LEADER |
00000cam a2200000 a 4500 |
| 001 |
in00002787936 |
| 005 |
20151202171611.0 |
| 008 |
120716s2012 nyu 000 0 eng |
| 010 |
|
|
|a 2012026440
|
| 020 |
|
|
|a 9780307986962 (hardcover)
|
| 020 |
|
|
|a 0307986969 (hardcover)
|
| 020 |
|
|
|a 9780307986979 (ebook)
|
| 020 |
|
|
|a 0307986977 (ebook)
|
| 035 |
|
|
|a (OCoLC)ocn794367011
|
| 040 |
|
|
|a DLC
|b eng
|c DLC
|d BTCTA
|d BDX
|d OCLCO
|d YDXCP
|d GK5
|d UPZ
|d BWX
|d TXA
|d UtOrBLW
|
| 042 |
|
|
|a pcc
|
| 049 |
|
|
|a TXAM
|
| 050 |
0 |
0 |
|a PN6231.L47
|b .G88 2012
|
| 082 |
0 |
0 |
|a 808.87
|2 23
|
| 100 |
1 |
|
|a Gutfeld, Greg.
|
| 245 |
1 |
4 |
|a The Joy of hate :
|b how to triumph over whiners in the age of phony outrage /
|c Greg Gutfeld.
|
| 250 |
|
|
|a 1st ed.
|
| 264 |
|
1 |
|a New York :
|b Crown Forum,
|c [2012]
|
| 264 |
|
4 |
|c ©2012
|
| 300 |
|
|
|a xxi, 226 pages ;
|c 25 cm.
|
| 336 |
|
|
|a text
|b txt
|2 rdacontent
|
| 337 |
|
|
|a unmediated
|b n
|2 rdamedia
|
| 338 |
|
|
|a volume
|b nc
|2 rdacarrier
|
| 520 |
|
|
|a From the irreverent star of Fox News's "Red Eye "and "The Five," hilarious observations on the manufactured outrage of an oversensitive, wussified culture of artificial tolerance.
|
| 650 |
|
0 |
|a Liberalism
|z United States
|v Humor.
|
| 650 |
|
0 |
|a Political correctness
|z United States
|v Humor.
|
| 651 |
|
0 |
|a United States
|x Politics and government
|v Humor.
|
| 650 |
|
0 |
|a Political participation
|z United States
|v Humor.
|
| 650 |
|
0 |
|a Patriotism
|z United States
|v Humor.
|
| 948 |
|
|
|a cataloged
|b h
|c 2012/12/3
|d c
|e ceaton
|f 2:56:14 pm
|
| 994 |
|
|
|a C0
|b TXA
|
| 999 |
|
|
|a MARS
|
| 999 |
f |
f |
|s 2d528a77-1714-35c3-9f97-b802dd14004e
|i de459257-9973-3559-b070-7f83595be479
|t 0
|
| 952 |
f |
f |
|p normal
|a Texas A&M University
|b College Station
|c Sterling C. Evans Library
|d Evans: Library Stacks
|t 0
|e PN6231.L47 .G88 2012
|h Library of Congress classification
|i unmediated -- volume
|m A14841622729
|
| 998 |
f |
f |
|a PN6231.L47 .G88 2012
|t 0
|l Evans: Library Stacks
|